Bytový dom

Salvato in:
Dettagli Bibliografici
Autore principale: Kollár, Pavel (Autore)
Altri autori: Funtík, Tomáš (Relatore della tesi)
Natura: Manoscritto Libro
Lingua:slovacco
Pubblicazione: 2016
Soggetti:
Accesso online:http://is.stuba.sk/zp/portal_zp.pl?podrobnosti=119950
https://opac.crzp.sk/?fn=detailBiblioForm&sid=CAF43C23BCEFEBA4BFC411BCB6F5
Tags: Aggiungi Tag
Nessun Tag, puoi essere il primo ad aggiungerne!!

MARC

LEADER 00000ntm a22000003a 4500
001 stuzp57864
003 SK-STU
005 20230623080154.2
007 ta
008 150427s2015----xo-----f-mn---000-0-slo-d
040 |a STU  |b slo 
041 0 |a slo 
100 1 |a Kollár, Pavel  |u 010270  |4 aut  |U SvF Stavebná fakulta  |T SvF Katedra technológie stavieb  |X 55251  |U V270  |Y 28  |7 55251 
242 0 1 |a residential building project  |y eng 
245 1 0 |a Bytový dom 
260 |c 2016 
650 4 |a Bytový dom  |2 slo 
650 4 |a Porotherm  |2 slo 
650 4 |a Projekt organizácie výstavby  |2 slo 
650 4 |a POROTHERM  |2 eng 
650 4 |a building  |2 eng 
650 4 |a residential building project  |2 eng 
700 1 |a Funtík, Tomáš  |u 010270  |k Z1  |4 ths  |U SvF Stavebná fakulta  |T SvF Katedra technológie stavieb  |X 22617  |U V270  |Y 28  |7 A000022617 
856 4 |u http://is.stuba.sk/zp/portal_zp.pl?podrobnosti=119950 
856 4 |u https://opac.crzp.sk/?fn=detailBiblioForm&sid=CAF43C23BCEFEBA4BFC411BCB6F5 
SQL |a stuzp57864  |b DBP  |c SLO  |d Bytový dom  |e 55251  |f Kollár, Pavel  |g 010270  |h 22617  |i Funtík, Tomáš  |j 20160620  |k 6  |l 01  |m http://is.stuba.sk/zp/portal_zp.pl?podrobnosti=119950  |n B-TMS  |o 5.2.8. stavebníctvo